Escuts de la comarca de la Selva (Catalunya) - Statistics

General Stats
  • This quiz has been taken 31 times
  • The average score is 8 of 20
Answer Stats
Picture Answer % Correct
Santa Coloma de Farners
81%
Blanes
71%
Maçanet de la Selva
62%
Caldes de Malavella
57%
Hostalric
52%
Vidreres
48%
Breda
43%
Arbúcies
38%
La Cellera de Ter
38%
Massanes
38%
Susqueda
33%
Anglès
29%
Riudellots de la Selva
29%
Sant Feliu de Buixalleu
29%
Sils
29%
Vilobí d'Onyar
29%
Brunyola
24%
Osor
24%
Riells i Viabrea
24%
Sant Julià del Llor i Bonmatí
14%
No matching quizzes found
Score Distribution
Percent of People with Each Score
Percentile by Number Answered
Your Score History
You have not taken this quiz